000 00813nam a2200229Ia 4500
003 GCL
008 140319s9999 xx 000 0 ara d
020 _a2014939953
040 _aGCL /
_cGCL
082 0 4 _a615.32
_bا ك
100 1 _aاودى، بنيلوب
245 1 0 _aالكامل فى الاعشاب والنباتات الطبية :
_bمعجم لاتينى - انكليزى - فرنسى - عربى /
_cاودى، بنيلوب
700 1 _aالفيرا نصور
260 _aبيروت :
_bاكاديميا انترناشيونال ،
_c2005
300 _a197 ص ؛
_c28 سم
650 0 4 _aالطب الشعبى
650 0 4 _aالعلاج النباتى
650 0 4 _aالنباتات الطبية
650 0 4 _aالعقاقير النباتية
650 0 4 _aالاعشاب
942 _2ddc
_cBK
999 _c7938
_d7938